000 01220cam a22002535a 4500
001 L160178
008 181018s2018 xxk f 000 0 eng d
020 0 _a9781138612013
035 _a(Sirsi) u160178
041 0 _aeng
050 0 4 _a692.5
110 2 _aAECOM
245 0 0 _aSpon's architects' and builders' price book 2019
250 _a144th ed.
260 _aLondon
_bCRC Press Inc
_bTaylor & Francis
_c2018
520 _aProvides comprehensive construction price information for the UK. General information includes capital allowances, VAT, Aggregates Levy, land remediation, landfill tax, property insurance and a range of indices including building costs and tender prices and location factors. Includes rates of wages and labour, approximate estimating. prices for measured works, fees for professional services, prices for measured works, fees for professional services and , daywork and prime cost Concludes with useful conversion tablers and formulae.
520 _aSupersedes 143 ed ISBN 9781315107707
590 _aKA
651 4 _aUnited Kingdom
690 _aConstruction management
_96230
690 _aCost management
_96233
690 _aBuilding materials and defects
942 _n0
_2ddc
999 _c116261
_d116261